000 00415 a2200169 4500
001 189793
020 _a978-85-329-0761-5
040 _cMagnum
100 _aFarah, Fábio Tucci
240 1 0 _aAs aventuras de pépin o pequeno peregrino
_lpor
245 1 0 _aAs aventuras de pépin o pequeno peregrino
300 _a104
362 0 _a2012
440 1 _a
697 _aLITERATURA INFANTO-JUVENIL
942 _cBK
999 _c189793
_d189793